| 000 | 00873nam a22002417a 4500 | ||
|---|---|---|---|
| 005 | 20150518121808.0 | ||
| 010 | _aENG-112585 | ||
| 020 |
_a9789381017180 _c595.00 |
||
| 035 | _aEN-96117 | ||
| 037 | _bDBAD/PUB | ||
| 082 | _a320.082095483 | ||
| 100 | _aDevika, J. | ||
| 245 | 0 | 0 |
_aNew lamps for old ? : _cby J. Devika [and] Binitha V. Thampi _bgender paradoxes political decentralisation in Kerala / |
| 260 |
_aNew Delhi _bZubaan _c2012 |
||
| 270 |
_a128 B, Shah Pur Jat, Ist Floor, _bNew Delhi _e110049 |
||
| 300 |
_alii,235p. _c23cm(Hb) |
||
| 500 | _aIncludes bibliographical references (p. [213]-235). | ||
| 650 |
_a Women _xPolitical activity _z India _zKerala. |
||
| 650 |
_a Panchayat _zIndia _zKerala. |
||
| 650 |
_a Decentralization in government _zIndia _zKerala. |
||
| 700 | _aThampi, Binitha V. | ||
| 942 |
_2ddc _cEN _mDEV _h320.082095483 |
||
| 999 |
_c92749 _d92749 |
||